Trombinoscope Miraculous - Statistiques

Statistiques générales
  • Ce quiz a été pris 661 fois
  • Le résultat moyen est 55 sur 100
Statistiques - réponses
Hint Réponse % Correct
Chloé Bourgeois
78%
Adrien Agreste
77%
Tikki
76%
Marinette Dupain-Cheng
76%
Plagg
75%
M. Banane
74%
André Bourgeois
74%
André le glacier
74%
Nino Lahiffe
73%
Luka Couffaine
73%
Jagged Stone
72%
Gabriel Agreste
72%
Alya Césaire
71%
Kagami Tsurugi
70%
Audrey Bourgeois
69%
Pollen
69%
Juleka Couffaine
69%
Mylène Haprèle
68%
Lila Rossi
68%
Émilie Agreste
66%
Zoé Lee
66%
Nathalie Sancoeur
66%
Prince Ali
66%
Sabrina Raincomprix
66%
Sabine Cheng
66%
Tom Dupain
66%
Rose Lavillant
65%
Jeanne d'Arc
65%
Félix Fathom
65%
Wang Fu
64%
Nooroo
64%
Alix Kubdel
63%
Sass
63%
Trixx
62%
Armand D'Argencourt
60%
Roarr
60%
Max Kanté
60%
Wayzz
59%
Mullo
59%
Thomas Astruc
59%
Nora Césaire
59%
Nadja Chamack
59%
Stompp
57%
Roger Raincomprix
57%
Nathaniel Kurtzberg
57%
Markov
56%
Manon Chamack
56%
Clara Rossignol
56%
Barkk
55%
Ivan Bruel
55%
XY
55%
Fluff
55%
Duusu
55%
Tomoe Tsurugi
55%
Anarka Couffaine
55%
Roland Dupain
54%
Orikko
54%
Caline Bustier
54%
Aurore Beauréal
54%
Noël Lahiffe
54%
Bob Roth
53%
Ondine
52%
Grenouille
52%
Olga Mendeleiev
52%
Penny Rolling
51%
Kaalki
51%
Longg
50%
Xavier Ramier
50%
Denis Damoclès
50%
Socqueline Wang
50%
Daizzi
49%
Amélie Graham de Vanily
49%
Wang Cheng
48%
Jalil Kubdel
48%
Marc Anciel
47%
Kim Chién Lê
46%
Alec Cataldi
46%
Mireille Caquet
45%
Claudie Kanté
43%
Clara Contard
42%
Otis Césaire
41%
Véronique
40%
Xuppu
40%
Ziggy
38%
Harry Clown
37%
Su Han
37%
Marianne Lenoir
36%
Gina Bianchi
35%
Auguste
34%
Harmonie Bustier
33%
Alim Kubdel
33%
Fang
33%
Fei Wu
33%
Bertrand Roi
33%
Jessica Keynes
32%
Jacques Grimault
31%
Kouki
29%
Wayhem
28%
Vincent
24%
Placide I.T.
23%
Aucun quiz correspondant
Distribution des résultats
% des personnes avec chaque résultat
Percentile par nombre de réponses
Votre historique - résultats
Vous n’avez pas pris ce quiz